Members of the US House of Representatives - Statistics

General Stats
  • This quiz has been taken 269 times
    170 since last reset
  • The average score is 170 of 433
Answers on the Map
Answers color-coded by a green-red scale on the quiz's map according to % correct below.
 
Answer Stats
State District Party Member % Correct
New York 14 Democratic Alexandria Ocasio-Cortez
94%
California 12 Democratic Nancy Pelosi
88%
Texas 9 Democratic Al Green
86%
Minnesota 5 Democratic Ilhan Omar
86%
Tennessee 7 Republican Mark E. Green
84%
Wyoming At-Large Republican Liz Cheney
81%
Georgia 4 Democratic Hank Johnson
80%
Colorado 3 Republican Lauren Boebert
80%
California 13 Democratic Barbara Lee
78%
South Dakota At-Large Republican Dusty Johnson
78%
Texas 30 Democratic Eddie Bernice Johnson
78%
California 23 Republican Kevin McCarthy
78%
Louisiana 4 Republican Mike Johnson
78%
Texas 18 Democratic Sheila Jackson Lee
78%
Nevada 3 Democratic Susie Lee
78%
Ohio 6 Republican Bill Johnson
77%
New Jersey 4 Republican Chris Smith
77%
Washington 9 Democratic Adam Smith
75%
Nebraska 3 Republican Adrian Smith
75%
Missouri 1 Democratic Cori Bush
75%
Missouri 8 Republican Jason Smith
75%
Georgia 14 Republican Marjorie Taylor Greene
73%
Maine 2 Democratic Jared Golden
72%
Ohio 11 Democratic Shontel Brown
72%
Maryland 4 Democratic Anthony G. Brown
70%
South Carolina 1 Republican Nancy Mace
70%
Ohio 13 Democratic Tim Ryan
70%
New Jersey 3 Democratic Andy Kim
69%
New York 19 Democratic Pat Ryan
69%
California 39 Republican Young Kim
69%
Alaska At-Large Democratic Mary Peltola
67%
West Virginia 3 Republican Carol Miller
66%
Illinois 15 Republican Mary Miller
66%
Arizona 4 Republican Paul Gosar
66%
Kansas 3 Democratic Sharice Davids
66%
Illinois 4 Democratic Jesús "Chuy" García
64%
South Carolina 6 Democratic Jim Clyburn
64%
Florida 1 Republican Matt Gaetz
64%
Texas 13 Republican Ronny Jackson
64%
Texas 29 Democratic Sylvia Garcia
64%
Massachusetts 7 Democratic Ayanna Pressley
63%
California 25 Republican Mike Garcia
63%
Virginia 7 Democratic Abigail Spanberger
61%
Mississippi 2 Democratic Bennie Thompson
61%
Nebraska 2 Republican Don Bacon
61%
New York 21 Republican Elise Stefanik
61%
Ohio 9 Democratic Marcy Kaptur
61%
Iowa 2 Republican Mariannette Miller-Meeks
61%
Pennsylvania 15 Republican Glenn Thompson
59%
Tennessee 6 Republican John Rose
59%
California 45 Democratic Katie Porter
59%
California 5 Democratic Mike Thompson
59%
Michigan 13 Democratic Rashida Tlaib
59%
New Hampshire 1 Democratic Chris Pappas
58%
Arkansas 2 Republican French Hill
58%
Vermont At-Large Democratic Peter Welch
58%
Maryland 1 Republican Andy Harris
56%
Ohio 16 Republican Anthony Gonzalez
56%
Washington 5 Republican Cathy McMorris Rodgers
56%
Iowa 3 Democratic Cindy Axne
56%
Delaware At-Large Democratic Lisa Blunt Rochester
56%
Montana At-Large Republican Matt Rosendale
56%
Louisiana 1 Republican Steve Scalise
56%
Texas 15 Democratic Vicente Gonzalez
56%
West Virginia 2 Republican Alex Mooney
55%
Arizona 5 Republican Andy Biggs
55%
Pennsylvania 17 Democratic Conor Lamb
55%
Illinois 7 Democratic Danny K. Davis
55%
New York 8 Democratic Hakeem Jeffries
55%
Texas 28 Democratic Henry Cuellar
55%
California 48 Republican Michelle Steel
55%
Washington 7 Democratic Pramila Jayapal
55%
Illinois 13 Republican Rodney Davis
55%
Arizona 7 Democratic Ruben Gallego
55%
Virginia 5 Republican Bob Good
53%
Pennsylvania 1 Republican Brian Fitzpatrick
53%
California 21 Republican David Valadao
53%
Kentucky 5 Republican Hal Rogers
53%
New York 16 Democratic Jamaal Bowman
53%
Ohio 4 Republican Jim Jordan
53%
New York 17 Democratic Mondaire Jones
53%
Maryland 5 Democratic Steny Hoyer
53%
Louisiana 2 Democratic Troy Carter
53%
Georgia 1 Republican Buddy Carter
52%
New Jersey 2 Republican Jeff Van Drew
52%
Texas 31 Republican John Carter
52%
Alabama 3 Republican Mike Rogers
52%
Michigan 3 Republican Peter Meijer
52%
California 28 Democratic Adam Schiff
50%
Michigan 9 Democratic Andy Levin
50%
New Hampshire 2 Democratic Annie Kuster
50%
Alabama 2 Republican Barry Moore
50%
Utah 1 Republican Blake Moore
50%
Florida 19 Republican Byron Donalds
50%
Texas 2 Republican Dan Crenshaw
50%
Arizona 8 Republican Debbie Lesko
50%
Indiana 1 Democratic Frank J. Mrvan
50%
New York 5 Democratic Gregory Meeks
50%
Wisconsin 4 Democratic Gwen Moore
50%
Connecticut 5 Democratic Jahana Hayes
50%
North Carolina 11 Republican Madison Cawthorn
50%
California 49 Democratic Mike Levin
50%
New York 15 Democratic Ritchie Torres
50%
New York 18 Democratic Sean Patrick Maloney
50%
North Carolina 12 Democratic Alma Adams
48%
Kentucky 6 Republican Andy Barr
48%
Georgia 8 Republican Austin Scott
48%
Virginia 3 Democratic Bobby Scott
48%
Utah 4 Republican Burgess Owens
48%
New York 12 Democratic Carolyn Maloney
48%
Arizona 6 Republican David Schweikert
48%
Georgia 13 Democratic David Scott
48%
Maryland 6 Democratic David Trone
48%
Hawaii 1 Democratic Ed Case
48%
Pennsylvania 4 Democratic Madeleine Dean
48%
New York 11 Republican Nicole Malliotakis
48%
California 35 Democratic Norma Torres
48%
California 17 Democratic Ro Khanna
48%
Pennsylvania 10 Republican Scott Perry
48%
Indiana 7 Democratic André Carson
47%
New York 10 Democratic Jerry Nadler
47%
New York 1 Republican Lee Zeldin
47%
Georgia 6 Democratic Lucy McBath
47%
Florida 27 Republican Maria Elvira Salazar
47%
Pennsylvania 8 Democratic Matt Cartwright
47%
California 43 Democratic Maxine Waters
47%
Minnesota 7 Republican Michelle Fischbach
47%
Georgia 5 Democratic Nikema Williams
47%
Alabama 7 Democratic Terri Sewell
47%
New York 22 Republican Claudia Tenney
45%
Virginia 2 Democratic Elaine Luria
45%
Indiana 6 Republican Greg Pence
45%
Massachusetts 5 Democratic Katherine Clark
45%
Colorado 4 Republican Ken Buck
45%
Kentucky 4 Republican Thomas Massie
45%
Texas 3 Republican Van Taylor
45%
Minnesota 2 Democratic Angie Craig
44%
North Carolina 9 Republican Dan Bishop
44%
Washington 4 Republican Dan Newhouse
44%
Michigan 8 Democratic Elissa Slotkin
44%
Michigan 11 Democratic Haley Stevens
44%
Washington 3 Republican Jaime Herrera Beutler
44%
Virginia 10 Democratic Jennifer Wexton
44%
North Dakota At-Large Republican Kelly Armstrong
44%
Nevada 2 Republican Mark Amodei
44%
Oklahoma 2 Republican Markwayne Mullin
44%
Georgia 2 Democratic Sanford Bishop
44%
California 53 Democratic Sara Jacobs
44%
New Mexico 2 Republican Yvette Herrell
44%
Illinois 16 Republican Adam Kinzinger
42%
Texas 21 Republican Chip Roy
42%
New York 27 Republican Chris Jacobs
42%
Nevada 1 Democratic Dina Titus
42%
Colorado 2 Democratic Joe Neguse
42%
New York 4 Democratic Kathleen Rice
42%
New Mexico 1 Democratic Melanie Stansbury
42%
Nebraska 1 Republican Mike Flood
42%
Iowa 4 Republican Randy Feenstra
42%
Texas 25 Republican Roger Williams
42%
Oklahoma 5 Republican Stephanie Bice
42%
Pennsylvania 7 Democratic Susan Wild
42%
Minnesota 6 Republican Tom Emmer
42%
South Carolina 7 Republican Tom Rice
42%
Iowa 1 Republican Ashley Hinson
41%
Michigan 5 Democratic Dan Kildee
41%
Minnesota 3 Democratic Dean Phillips
41%
Oregon 3 Democratic Earl Blumenauer
41%
Missouri 5 Democratic Emanuel Cleaver
41%
Florida 24 Democratic Frederica Wilson
41%
Arizona 9 Democratic Greg Stanton
41%
Massachusetts 2 Democratic Jim McGovern
41%
South Carolina 2 Republican Joe Wilson
41%
Oklahoma 1 Republican Kevin Hern
41%
Washington 8 Democratic Kim Schrier
41%
Pennsylvania 16 Republican Mike Kelly
41%
Illinois 2 Democratic Robin Kelly
41%
Florida 7 Democratic Stephanie Murphy
41%
Tennessee 9 Democratic Steve Cohen
41%
Oklahoma 4 Republican Tom Cole
41%
Mississippi 1 Republican Trent Kelly
41%
Texas 16 Democratic Veronica Escobar
41%
Ohio 8 Republican Warren Davidson
41%
Arizona 2 Democratic Ann Kirkpatrick
39%
Maine 1 Democratic Chellie Pingree
39%
California 15 Democratic Eric Swalwell
39%
North Carolina 3 Republican Greg Murphy
39%
Kansas 2 Republican Jake LaTurner
39%
Tennessee 5 Democratic Jim Cooper
39%
New Jersey 5 Democratic Josh Gottheimer
39%
Louisiana 5 Republican Julia Letlow
39%
Illinois 14 Democratic Lauren Underwood
39%
Wisconsin 2 Democratic Mark Pocan
39%
Idaho 2 Republican Mike Simpson
39%
Arizona 3 Democratic Raúl Grijalva
39%
Nevada 4 Democratic Steven Horsford
39%
New Mexico 3 Democratic Teresa Leger Fernandez
39%
New York 3 Democratic Thomas Suozzi
39%
Florida 10 Democratic Val Demings
39%
Minnesota 1 Republican Brad Finstad
38%
Texas 32 Democratic Colin Allred
38%
California 1 Republican Doug LaMalfa
38%
New York 6 Democratic Grace Meng
38%
Massachusetts 4 Democratic Jake Auchincloss
38%
Maryland 8 Democratic Jamie Raskin
38%
California 16 Democratic Jim Costa
38%
California 10 Democratic Josh Harder
38%
Texas 34 Republican Mayra Flores
38%
Wisconsin 8 Republican Mike Gallagher
38%
Connecticut 3 Democratic Rosa DeLauro
38%
California 33 Democratic Ted Lieu
38%
Arizona 1 Democratic Tom O'Halleran
38%
Texas 23 Republican Tony Gonzales
38%
Indiana 5 Republican Victoria Spartz
38%
Missouri 2 Republican Ann Wagner
36%
New York 26 Democratic Brian Higgins
36%
Louisiana 3 Republican Clay Higgins
36%
California 50 Republican Darrell Issa
36%
Rhode Island 1 Democratic David Cicilline
36%
Ohio 14 Republican David Joyce
36%
Michigan 12 Democratic Debbie Dingell
36%
Florida 23 Democratic Debbie Wasserman Schultz
36%
North Carolina 2 Democratic Deborah Ross
36%
Pennsylvania 3 Democratic Dwight Evans
36%
Colorado 6 Democratic Jason Crow
36%
Connecticut 2 Democratic Joe Courtney
36%
Pennsylvania 13 Republican John Joyce
36%
Pennsylvania 5 Democratic Mary Gay Scanlon
36%
Mississippi 3 Republican Michael Guest
36%
Ohio 10 Republican Mike Turner
36%
New York 20 Democratic Paul Tonko
36%
California 52 Democratic Scott Peters
36%
Wisconsin 7 Republican Tom Tiffany
36%
Kansas 1 Republican Tracey Mann
36%
New York 2 Republican Andrew Garbarino
34%
Oregon 2 Republican Cliff Bentz
34%
Louisiana 6 Republican Garret Graves
34%
Kentucky 1 Republican James Comer
34%
Alabama 1 Republican Jerry Carl
34%
Indiana 3 Republican Jim Banks
34%
New York 24 Republican John Katko
34%
Ohio 3 Democratic Joyce Beatty
34%
California 42 Republican Ken Calvert
34%
Washington 10 Democratic Marilyn Strickland
34%
Alabama 5 Republican Mo Brooks
34%
Alabama 4 Republican Robert Aderholt
34%
Wisconsin 3 Democratic Ron Kind
34%
Missouri 6 Republican Sam Graves
34%
Illinois 6 Democratic Sean Casten
34%
Florida 20 Democratic Sheila Cherfilus-McCormick
34%
Ohio 1 Republican Steve Chabot
34%
New York 13 Democratic Adriano Espaillat
33%
Florida 5 Democratic Al Lawson
33%
Georgia 11 Republican Barry Loudermilk
33%
Michigan 2 Republican Bill Huizenga
33%
Pennsylvania 2 Democratic Brendan Boyle
33%
Florida 18 Republican Brian Mast
33%
Florida 26 Republican Carlos Giménez
33%
Oklahoma 3 Republican Frank Lucas
33%
Texas 20 Democratic Joaquin Castro
33%
Utah 3 Republican John Curtis
33%
Hawaii 2 Democratic Kai Kahele
33%
Illinois 12 Republican Mike Bost
33%
New York 7 Democratic Nydia Velázquez
33%
Texas 17 Republican Pete Sessions
33%
Massachusetts 1 Democratic Richard Neal
33%
Kansas 4 Republican Ron Estes
33%
Idaho 1 Republican Russ Fulcher
33%
New Jersey 7 Democratic Tom Malinowski
33%
North Carolina 5 Republican Virginia Foxx
33%
California 18 Democratic Anna Eshoo
31%
Alabama 6 Republican Gary Palmer
31%
Illinois 9 Democratic Jan Schakowsky
31%
Texas 19 Republican Jodey Arrington
31%
California 27 Democratic Judy Chu
31%
California 26 Democratic Julia Brownley
31%
Florida 3 Republican Kat Cammack
31%
Texas 1 Republican Louie Gohmert
31%
Minnesota 8 Republican Pete Stauber
31%
California 36 Democratic Raul Ruiz
31%
Florida 15 Republican Scott Franklin
31%
Oregon 1 Democratic Suzanne Bonamici
31%
California 4 Republican Tom McClintock
31%
Illinois 18 Republican Darin LaHood
30%
Washington 6 Democratic Derek Kilmer
30%
New Jersey 1 Democratic Donald Norcross
30%
Maryland 2 Democratic Dutch Ruppersberger
30%
Michigan 1 Republican Jack Bergman
30%
California 2 Democratic Jared Huffman
30%
Connecticut 4 Democratic Jim Himes
30%
Connecticut 1 Democratic John B. Larson
30%
California 51 Democratic Juan Vargas
30%
Florida 14 Democratic Kathy Castor
30%
Michigan 10 Republican Lisa McClain
30%
Illinois 3 Democratic Marie Newman
30%
Florida 25 Republican Mario Díaz-Balart
30%
New Jersey 11 Democratic Mikie Sherrill
30%
Florida 2 Republican Neal Dunn
30%
Illinois 8 Democratic Raja Krishnamoorthi
30%
North Carolina 8 Republican Richard Hudson
30%
Massachusetts 6 Democratic Seth Moulton
30%
California 19 Democratic Zoe Lofgren
30%
Minnesota 4 Democratic Betty McCollum
28%
Illinois 11 Democratic Bill Foster
28%
Massachusetts 9 Democratic Bill Keating
28%
California 30 Democratic Brad Sherman
28%
Arkansas 4 Republican Bruce Westerman
28%
Colorado 1 Democratic Diana DeGette
28%
California 6 Democratic Doris Matsui
28%
Virginia 11 Democratic Gerry Connolly
28%
California 34 Democratic Jimmy Gomez
28%
Georgia 10 Republican Jody Hice
28%
Florida 4 Republican John Rutherford
28%
California 38 Democratic Linda Sánchez
28%
Texas 35 Democratic Lloyd Doggett
28%
Pennsylvania 11 Republican Lloyd Smucker
28%
California 31 Democratic Pete Aguilar
28%
Oregon 4 Democratic Peter DeFazio
28%
Texas 14 Republican Randy Weber
28%
California 24 Democratic Salud Carbajal
28%
Arkansas 3 Republican Steve Womack
28%
Washington 1 Democratic Suzan DelBene
28%
Virginia 6 Republican Ben Cline
27%
Ohio 5 Republican Bob Latta
27%
Illinois 10 Democratic Brad Schneider
27%
Ohio 2 Republican Brad Wenstrup
27%
Wisconsin 1 Republican Bryan Steil
27%
Georgia 7 Democratic Carolyn Bourdeaux
27%
Illinois 17 Democratic Cheri Bustos
27%
Pennsylvania 9 Republican Dan Meuser
27%
Florida 9 Democratic Darren Soto
27%
West Virginia 1 Republican David McKinley
27%
Tennessee 1 Republican Diana Harshbarger
27%
New Jersey 10 Democratic Donald Payne Jr.
27%
New Jersey 6 Democratic Frank Pallone
27%
Michigan 6 Republican Fred Upton
27%
California 32 Democratic Grace Napolitano
27%
Florida 17 Republican Greg Steube
27%
Pennsylvania 14 Republican Guy Reschenthaler
27%
California 8 Republican Jay Obernolte
27%
California 20 Democratic Jimmy Panetta
27%
Michigan 4 Republican John Moolenaar
27%
Texas 12 Republican Kay Granger
27%
Oregon 5 Democratic Kurt Schrader
27%
Maryland 7 Democratic Kweisi Mfume
27%
Texas 27 Republican Michael Cloud
27%
Texas 10 Republican Michael McCaul
27%
Pennsylvania 18 Democratic Mike Doyle
27%
North Carolina 10 Republican Patrick McHenry
27%
Arkansas 1 Republican Rick Crawford
27%
Massachusetts 8 Democratic Stephen F. Lynch
27%
Florida 16 Republican Vern Buchanan
27%
New York 9 Democratic Yvette Clarke
27%
Georgia 9 Republican Andrew Clyde
25%
Texas 11 Republican August Pfluger
25%
Texas 24 Republican Beth Van Duyne
25%
Illinois 1 Democratic Bobby Rush
25%
Pennsylvania 6 Democratic Chrissy Houlahan
25%
Florida 11 Republican Daniel Webster
25%
North Carolina 1 Democratic G. K. Butterfield
25%
Florida 12 Republican Gus Bilirakis
25%
California 3 Democratic John Garamendi
25%
New York 25 Democratic Joseph Morelle
25%
California 37 Democratic Karen Bass
25%
Texas 7 Democratic Lizzie Pannill Fletcher
25%
Massachusetts 3 Democratic Lori Trahan
25%
California 41 Democratic Mark Takano
25%
South Carolina 5 Republican Ralph Norman
25%
Texas 22 Republican Troy Nehls
25%
South Carolina 4 Republican William Timmons
25%
California 7 Democratic Ami Bera
23%
Utah 2 Republican Chris Stewart
23%
Virginia 4 Democratic Donald McEachin
23%
Colorado 5 Republican Doug Lamborn
23%
North Carolina 6 Democratic Kathy Manning
23%
California 46 Democratic Lou Correa
23%
Texas 33 Democratic Marc Veasey
23%
Texas 26 Republican Michael C. Burgess
23%
Illinois 5 Democratic Mike Quigley
23%
Virginia 9 Republican Morgan Griffith
23%
Texas 4 Republican Pat Fallon
23%
Wisconsin 5 Republican Scott Fitzgerald
23%
New Jersey 9 Democratic Bill Pascrell
22%
Florida 8 Republican Bill Posey
22%
Missouri 3 Republican Blaine Luetkemeyer
22%
New Jersey 12 Democratic Bonnie Watson Coleman
22%
Michigan 14 Democratic Brenda Lawrence
22%
Texas 36 Republican Brian Babin
22%
Virginia 8 Democratic Don Beyer
22%
Rhode Island 2 Democratic James Langevin
22%
Kentucky 3 Democratic John Yarmuth
22%
Washington 2 Democratic Rick Larsen
22%
Georgia 12 Republican Rick W. Allen
22%
North Carolina 13 Republican Ted Budd
22%
Ohio 12 Republican Troy Balderson
22%
Missouri 7 Republican Billy Long
20%
Kentucky 2 Republican Brett Guthrie
20%
Texas 6 Republican Jake Ellzey
20%
Indiana 4 Republican Jim Baird
20%
New York 23 Republican Joe Sempolinski
20%
Maryland 3 Democratic John Sarbanes
20%
Florida 21 Democratic Lois Frankel
20%
California 44 Democratic Nanette Barragán
20%
Virginia 1 Republican Rob Wittman
20%
Tennessee 2 Republican Tim Burchett
20%
Missouri 4 Republican Vicky Hartzler
20%
Tennessee 8 Republican David Kustoff
19%
North Carolina 4 Democratic David Price
19%
Georgia 3 Republican Drew Ferguson
19%
Wisconsin 6 Republican Glenn Grothman
19%
California 11 Democratic Mark DeSaulnier
19%
Florida 6 Republican Michael Waltz
19%
Ohio 15 Republican Mike Carey
19%
Mississippi 4 Republican Steven Palazzo
19%
Michigan 7 Republican Tim Walberg
19%
California 29 Democratic Tony Cárdenas
19%
Tennessee 3 Republican Chuck Fleischmann
17%
Colorado 7 Democratic Ed Perlmutter
17%
South Carolina 3 Republican Jeff Duncan
17%
Texas 5 Republican Lance Gooden
17%
Tennessee 4 Republican Scott DesJarlais
17%
Florida 22 Democratic Ted Deutch
17%
Indiana 9 Republican Trey Hollingsworth
17%
Indiana 8 Republican Larry Bucshon
16%
New Jersey 8 Democratic Albio Sires
14%
North Carolina 7 Republican David Rouzer
14%
Pennsylvania 12 Republican Fred Keller
14%
California 47 Democratic Alan Lowenthal
13%
California 22 Republican Connie Conway
13%
Texas 8 Republican Kevin Brady
13%
California 40 Democratic Lucille Roybal-Allard
13%
Ohio 7 Republican Bob Gibbs
11%
California 14 Democratic Jackie Speier
11%
California 9 Democratic Jerry McNerney
5%
No matching quizzes found
Score Distribution
Percent of People with Each Score
Percentile by Number Answered
Your Score History
You have not taken this quiz since the last reset